La prise en compte des troubles anxiodépressifs dans les douleurs procédurales chez le sujet âgé (notice n° 1614820)

détails MARC
000 -LEADER
fixed length control field 01991cam a2200289 4500500
005 - DATE AND TIME OF LATEST TRANSACTION
control field 20260111071021.0
041 ## - LANGUAGE CODE
Language code of text/sound track or separate title fre
042 ## - AUTHENTICATION CODE
Authentication code dc
100 10 - MAIN ENTRY--PERSONAL NAME
Personal name Bonin-Guillaume, Sylvie
Relator term author
245 00 - TITLE STATEMENT
Title La prise en compte des troubles anxiodépressifs dans les douleurs procédurales chez le sujet âgé
260 ## - PUBLICATION, DISTRIBUTION, ETC.
Date of publication, distribution, etc. 2026.<br/>
500 ## - GENERAL NOTE
General note 17
520 ## - SUMMARY, ETC.
Summary, etc. Les symptômes anxieux et dépressifs du sujet âgé, volontiers atypiques et souvent mal repérés, majorent les vécus douloureux, notamment dans les douleurs induites ; ils peuvent alors exacerber volontiers les troubles du comportement ou s’aggraver secondairement dans le contexte. Ils sont parfois insuffisamment traités quand ils sont diagnostiqués ; ils doivent être reconnus et différenciés de la symptomatologie douloureuse ou des plaintes douloureuses, et être traités en tant que tels, afin de mieux contrôler ces douleurs plutôt prévisibles et pouvant être anticipées sur le plan algologique.
520 ## - SUMMARY, ETC.
Summary, etc. Anxiety and depression symptoms in older people, which are often atypical and difficult to identify, exacerbate painful experiences, particularly induced pain; they can then easily exacerbate behavioral disorders or worsen secondarily in this context. They are sometimes inadequately treated when diagnosed; they must be recognized and differentiated from pain symptoms or pain complaints, and treated as such, in order to better control these pains, which are fairly predictable and can be anticipated in terms of algology.
690 ## - LOCAL SUBJECT ADDED ENTRY--TOPICAL TERM (OCLC, RLIN)
Topical term or geographic name as entry element anxiété
690 ## - LOCAL SUBJECT ADDED ENTRY--TOPICAL TERM (OCLC, RLIN)
Topical term or geographic name as entry element dépression
690 ## - LOCAL SUBJECT ADDED ENTRY--TOPICAL TERM (OCLC, RLIN)
Topical term or geographic name as entry element douleur
690 ## - LOCAL SUBJECT ADDED ENTRY--TOPICAL TERM (OCLC, RLIN)
Topical term or geographic name as entry element sujet âgé
690 ## - LOCAL SUBJECT ADDED ENTRY--TOPICAL TERM (OCLC, RLIN)
Topical term or geographic name as entry element anxiety
690 ## - LOCAL SUBJECT ADDED ENTRY--TOPICAL TERM (OCLC, RLIN)
Topical term or geographic name as entry element depression
690 ## - LOCAL SUBJECT ADDED ENTRY--TOPICAL TERM (OCLC, RLIN)
Topical term or geographic name as entry element elderly
690 ## - LOCAL SUBJECT ADDED ENTRY--TOPICAL TERM (OCLC, RLIN)
Topical term or geographic name as entry element pain
700 10 - ADDED ENTRY--PERSONAL NAME
Personal name Pickering, G.
Relator term author
700 10 - ADDED ENTRY--PERSONAL NAME
Personal name Capriz, F.
Relator term author
786 0# - DATA SOURCE ENTRY
Note Douleur et analgésie | 38 | 4 | 2026-01-05 | p. 265-268 | 1011-288X
856 41 - ELECTRONIC LOCATION AND ACCESS
Uniform Resource Identifier <a href="https://stm.cairn.info/revue-douleur-et-analgesie-2025-4-page-265?lang=fr&redirect-ssocas=7080">https://stm.cairn.info/revue-douleur-et-analgesie-2025-4-page-265?lang=fr&redirect-ssocas=7080</a>

Pas d'exemplaire disponible.

PLUDOC

PLUDOC est la plateforme unique et centralisée de gestion des bibliothèques physiques et numériques de Guinée administré par le CEDUST. Elle est la plus grande base de données de ressources documentaires pour les Étudiants, Enseignants chercheurs et Chercheurs de Guinée.

Adresse

627 919 101/664 919 101

25 boulevard du commerce
Kaloum, Conakry, Guinée

Réseaux sociaux

Powered by Netsen Group @ 2025